Massive neutrinos in physics and astrophysics, third edition / (Record no. 29854)

000 -LEADER
fixed length control field 00648 a2200193 4500
003 - CONTROL NUMBER IDENTIFIER
control field NUST
005 - DATE AND TIME OF LATEST TRANSACTION
control field 20180118122716.0
008 - FIXED-LENGTH DATA ELEMENTS--GENERAL INFORMATION
fixed length control field 180118b xxu||||| |||| 00| 0 eng d
020 ## - INTERNATIONAL STANDARD BOOK NUMBER
International Standard Book Number 9812380701
020 ## - INTERNATIONAL STANDARD BOOK NUMBER
International Standard Book Number 9789812380708
082 ## - DEWEY DECIMAL CLASSIFICATION NUMBER
Classification number 539.7215
100 1# - MAIN ENTRY--PERSONAL NAME
Personal name Mohapatra, Rabindra N.
9 (RLIN) 8717
245 10 - TITLE STATEMENT
Title Massive neutrinos in physics and astrophysics, third edition /
Statement of responsibility, etc. Rabindra N. Mohapatra, Palash B. Pal.
250 ## - EDITION STATEMENT
Edition statement 3rd ed.
260 ## - PUBLICATION, DISTRIBUTION, ETC.
Place of publication, distribution, etc. [S.l.] :
Name of publisher, distributor, etc. World Scientific Publishing Company,
Date of publication, distribution, etc. 2004.
300 ## - PHYSICAL DESCRIPTION
Extent 476 p. ;
Dimensions 24 cm.
490 1# - SERIES STATEMENT
Series statement World scientific lecture notes in physics ;
Volume/sequential designation Vol. 72.
700 1# - ADDED ENTRY--PERSONAL NAME
Personal name Pal, Palash B.
9 (RLIN) 8718
830 #0 - SERIES ADDED ENTRY--UNIFORM TITLE
Uniform title World scientific lecture notes in physics ;
9 (RLIN) 8719
942 ## - ADDED ENTRY ELEMENTS (KOHA)
Institution code [OBSOLETE] SNS
Koha item type Book
Call number prefix 539.7215 MOH
Source of classification or shelving scheme
Holdings
Withdrawn status Lost status Damaged status Not for loan Permanent Location Current Location Date acquired Total Checkouts Total Renewals Full call number Barcode Date last seen Date last checked out Price effective from Koha item type
        School of Natural Sciences (SNS) School of Natural Sciences (SNS) 05/26/2016 1 3 539.7215 MOH SNS0001436 07/30/2025 10/23/2024 05/26/2016 Book
© 2023 Central Library, National University of Sciences and Technology. All Rights Reserved.